Canadian Sports Teams Quiz - Statistics

General Stats
  • This quiz has been taken 44 times
  • The average score is 11 of 12
Answer Stats
Team % Correct
NHL Montreal Canadiens
100%
MLB Toronto Blue Jays
100%
NHL Toronto Maple Leafs
100%
NBA Toronto Raptors
100%
NHL Vancouver Canucks
100%
NHL Calgary Flames
95%
NHL Winnipeg Jets
95%
NHL Edmonton Oilers
92%
NHL Ottawa Senators
92%
MLS CF Montréal
78%
MLS Toronto FC
78%
MLS Vancouver Whitecaps FC
70%
No matching quizzes found
Score Distribution
Percent of People with Each Score
Percentile by Number Answered
Your Score History
You have not taken this quiz